000 00712nam0a22002411 4500
001 rc\2560108
005 20250623104445.0
035 _a(NLR Aleph) 006725032
090 _a5484037
_c5484037
100 _a20110914d1927 |||y0rusy50 ca
101 0 _arus
102 _aRU
105 _ay z |||||
200 1 _aЛига наций - орудие войны
210 _aМосква
_aЛенинград
_cМосковский рабочий
_d1927
_eМосква
_gтип. "Красная Пресня"
215 _a48 с.
_d15х11 см.
700 1 _aБорецкий
_bБ.
801 0 _aRU
_bNLR
_gpsbo
801 1 _aRU
_bELAR
_2rusmarc
852 _aNLR
_j41/2962
942 _cBOOK
980 _aNB